000 00496nam a2200157 i 4500
001 56772
003 ES-MaACL
005 20230906163436.0
007 t|
008 031013s1971 sp ||||1| spa d
110 1 _aGranada (Provincia).
_bDiputación Provincial.
_94488
245 1 0 _aPresupuesto ordinario
_b: ejercicio 1971 /
_cDiputación Provincial de Granada.
260 _a[Granada :
_bs.n.,
_c1971] (
_fGráf. del Sur)
300 _a156 p. ;
_c27 cm.
852 _aES-MaACL
_jC-41373
_bR.78863
999 _c56772
_d56772